Exposés des motifs : rapports et débats des Chambres législatives concernant les lois des 18 et 19 juillet 1845 relatives au régime des esclaves à l'introduction de cultivateurs européens et à la formation d'établissements agricoles dans les colonies françaises.

Bibliographic Details
Corporate Authors: France. Chambre des pairs, France. Chambre des députés
Format: eBook
Language:French
Published: Paris : Imprimerie royale, 1845.
Series:Making of the modern world (Goldsmiths'-Kress Library of Economic Literature)
Subjects:
Online Access:Connect to the full text of this electronic book

MARC

Tag First Indicator Second Indicator Subfields
LEADER 00000cam a2200000Ia 4500
001 in00002301621
005 20190326192201.0
006 m | d |
007 cr |n||||||||n
008 880926s1845 fr s 001 0 fre d
040 |a DLM  |c GKR  |d OCL  |d Thomson Gale  |d UtOrBLW 
043 |a e-fr--- 
245 0 0 |a Exposés des motifs :  |b rapports et débats des Chambres législatives concernant les lois des 18 et 19 juillet 1845 relatives au régime des esclaves à l'introduction de cultivateurs européens et à la formation d'établissements agricoles dans les colonies françaises. 
264 1 |a Paris :  |b Imprimerie royale,  |c 1845. 
300 |a 1024 pages 
336 |a text  |b txt  |2 rdacontent 
337 |a computer  |b c  |2 rdamedia 
338 |a online resource  |b cr  |2 rdacarrier 
500 |a Includes indexes. 
500 |a Reproduction of original from Goldsmiths' Library, University of London. 
500 |a Goldsmiths'-Kress number 34428. 
510 4 |a OCLC,  |c 18530578 
533 |a Electronic reproduction.  |b Farmington Hills, Mich. :  |c Thomson Gale,  |d 2005.  |f (The making of the modern world).  |n Available via the World Wide Web.  |n Access limited to licensing agreements.  |7 s2005 miunns 
500 |a Electronic resource. 
650 0 |a Slavery  |z France  |x Colonies. 
650 0 |a Working class  |z France  |x Colonies. 
655 0 |a Electronic books. 
650 0 |a Labor movement  |z France  |x Colonies. 
650 0 |a Labor  |z France  |x Colonies. 
710 1 |a France.  |b Chambre des pairs. 
710 1 |a France.  |b Chambre des députés. 
830 0 |a Making of the modern world (Goldsmiths'-Kress Library of Economic Literature) 
856 4 0 |u http://proxy.library.tamu.edu/login?url=http://galenet.galegroup.com/servlet/MOME?af=RN&ae=U106539115&srchtp=a&ste=14&locID=txshracd2898  |z Connect to the full text of this electronic book  |t 0 
999 |a MARS 
999 f f |s a8e4f298-baed-354d-97f3-b11d52119144  |i b1d4edf3-55ad-3f0d-a735-1a3b9825fa41  |t 0 
952 f f |a Texas A&M University  |b College Station  |c Electronic Resources  |d Available Online  |t 0  |h No information provided 
998 f f |t 0  |l Available Online